000 00704nam a22002057a 4500
999 _c728
_d728
003 AR-CdUCM
008 190225b ||||| |||| 00| 0 spa d
040 _aMUNICIPALIDAD PROVINCIAL DEL CUSCO
_cBIBLIOTECA MUNICIPAL DEL CUSCO
082 _a869.266 /
_bB74
100 _aBorges, Jorge Luis
_92792
245 _aNarraciones /
260 _aBogotá :
_bLa oveja Negra,
_c1983.
300 _a155 páginas ;
_c18 cm.
440 _aHistoria universal de la literatura.
_n38
_92793
505 _aContenido: Historia universal de la infamia -- Ficciones -- El Aleph -- El hacedor...
650 _aCuentos argentinos
_92794
650 _aCuentos siglo XX
_9414
942 _2ddc
_cLIBROS
945 _azta
_d2019-02-25